000 00711nam a2200217Ia 4500
005 20251031154259.0
008 210716s2005 xx 000 0 und d
020 _a8173668396
040 _cAIMIT LIBRARY
041 _aeng
082 _a005.8
_21
_bDHAN
100 _aDhanjani, Nitesh.
_9243404
245 _aNetwork security tools /
_cBy Nitesh Dhanjani and Justin Clarke.
250 _a1st ed.
260 _aMumbai :
_bShroff Publishers and Distributors Pvt Ltd ,
_c2005.
300 _axiii,324p. ;
_bPB
_c23.8 cm
650 _aModifying and hacking security tools
_9243405
650 _aWriting network security tools
_9243406
700 _aClarke, Justin.
_9243407
942 _2ddc
_cBK
_e1st
_k005.8 DHAN
999 _c187659
_d187659